000 00640nam a2200265Ia 4500
001 AUWbook001827
003 BDCtgAUW
005 20260406155109.0
008 220908s9999 xx 000 0 eng d
020 _a0521893925
040 _aBDCtgAUW
_cBDCtgAUW
050 _aDG83.3.S24
100 1 _aSaller, Richard P,
_eauthor.
_930857
245 0 _aPersonal patronage under the early empire.
260 _aCmbridge :
_bNew York,
300 _ax,222 pages.
650 0 _aCulture.
650 0 _aEthnography.
650 0 _aHistory.
651 0 _aItaly.
887 _a BRAC
_22982
888 _22982
942 _cBK
_01
_2lcc
945 _cBK
999 _c17570
_d17570